GOOSE BUMPS (Record no. 7867)
[ view plain ]
| 000 -LEADER | |
|---|---|
| fixed length control field | 00575nam a22001337a 4500 |
| 020 ## - INTERNATIONAL STANDARD BOOK NUMBER | |
| ISBN | 0-590-191630 |
| 082 ## - DEWEY DECIMAL CLASSIFICATION NUMBER | |
| Classification number | 823 |
| Item number | STI/G |
| 100 ## - MAIN ENTRY--AUTHOR NAME | |
| Personal name | STINE, R.L |
| 245 ## - TITLE STATEMENT | |
| Title | GOOSE BUMPS |
| Remainder of title | HOW I GOT MY SHRUKAN HEAD |
| 260 ## - PUBLICATION, DISTRIBUTION, ETC. (IMPRINT) | |
| Place of publication | LONDDON |
| Name of publisher | SCHOLASTIC CHILDRENS BOOKS |
| Year of publication | 1997 |
| 300 ## - PHYSICAL DESCRIPTION | |
| Number of Pages | 123 |
| 520 ## - SUMMARY, ETC. | |
| Summary, etc | Shrunken Head: Main character Mark Rowe receives a shrunken head from his aunt, who's a scientist researching the island of Baladora, home of the long-gone Oloyan people — a tribe of head-shrinkers. He later finds out that it glows because he possesses "Jungle Magic". |
| 942 ## - ADDED ENTRY ELEMENTS (KOHA) | |
| Koha item type | Books |
| Withdrawn status | Lost status | Collection code | Home library | Current library | Shelving location | Date acquired | Source of acquisition | Full call number | Accession Number | Koha item type |
|---|---|---|---|---|---|---|---|---|---|---|
| Fiction | Main Library | Main Library | SHELF 4-A GOOSEBUMPS | 12/12/2023 | Purchase | 823 STI/G | 11052 | Books |